000 00358 a2200169 4500
001 166414
020 _a85-08-07275-9
040 _cMagnum
100 _aJaf, Ivan
240 1 0 _aO robô que virou gente
_lpor
245 1 0 _aO robô que virou gente
300 _a111
362 0 _a1999
440 1 _aÁtica
697 _aLITERATURA JUVENIL
942 _cBK
999 _c166414
_d166414